000
00248nam a2200097Ia 4500
001
1253472
005
20251031150954.0
008
251031s9999 xx 000 0 und d
245
0
_c
İSMAİL BİLGİN
_a
V-13 TURGUT REİS
260
_b
TİMAŞ YAYINLARI
999
_c
1253472
_d
1253472